LEADER 03446nam 22005775 450 001 996466811203316 005 20200629153723.0 010 $a3-540-45968-5 024 7 $a10.1007/3-540-50316-1 035 $a(CKB)1000000000233319 035 $a(SSID)ssj0000324730 035 $a(PQKBManifestationID)12117820 035 $a(PQKBTitleCode)TC0000324730 035 $a(PQKBWorkID)10314294 035 $a(PQKB)11037701 035 $a(DE-He213)978-3-540-45968-2 035 $a(PPN)15522624X 035 $a(EXLCZ)991000000000233319 100 $a20121227d1988 u| 0 101 0 $aeng 135 $aurnn|008mamaa 181 $ctxt 182 $cc 183 $acr 200 10$aMeasures of Complexity$b[electronic resource] $eProceedings of the Conference, Held in Rome September 30?October 2, 1987 /$fedited by Luca Peliti, Angelo Vulpiani 205 $a1st ed. 1988. 210 1$aBerlin, Heidelberg :$cSpringer Berlin Heidelberg :$cImprint: Springer,$d1988. 215 $a1 online resource (VII, 151 p.) 225 1 $aLecture Notes in Physics,$x0075-8450 ;$v314 300 $aBibliographic Level Mode of Issuance: Monograph 311 $a3-540-50316-1 327 $aComplexity and forecasting in dynamical systems -- On Complexity -- Boolean networks which learn to compute -- A dynamical learning process for the recognition of correlated patterns in symmetric spin glass models -- Neural networks that learn temporal sequences -- Hierarchical diffusion -- Random walks, random surfaces, and complexity -- Complexity in large technological systems -- An introduction to the theory of computational complexity -- Measures of biologically meaningful complexity -- Complex systems, organization and networks of automata -- Complexity in ecological systems. 330 $aComplexity is a puzzling and important concept in contemporary research in many disciplines. This book addresses the problem of defining complexity by carefully analysing in what sense complexity means measure in such areas as the theory of dynamical systems, condensed matter physics, ecology, immunology and the theory of neural networks. The information content of complexity is studied and similarities and differences in the various concepts of complexity are highlighted, sometimes provocatively. The book could open the way to finding a paradigm of complexity, and should become a standard reference for a wide audience of researchers in the physical and biological sciences. 410 0$aLecture Notes in Physics,$x0075-8450 ;$v314 606 $aMathematical physics 606 $aBiophysics 606 $aBiological physics 606 $aTheoretical, Mathematical and Computational Physics$3https://scigraph.springernature.com/ontologies/product-market-codes/P19005 606 $aBiological and Medical Physics, Biophysics$3https://scigraph.springernature.com/ontologies/product-market-codes/P27008 615 0$aMathematical physics. 615 0$aBiophysics. 615 0$aBiological physics. 615 14$aTheoretical, Mathematical and Computational Physics. 615 24$aBiological and Medical Physics, Biophysics. 676 $a530.1 702 $aPeliti$b Luca$4edt$4http://id.loc.gov/vocabulary/relators/edt 702 $aVulpiani$b Angelo$4edt$4http://id.loc.gov/vocabulary/relators/edt 906 $aBOOK 912 $a996466811203316 996 $aMeasures of Complexity$92509351 997 $aUNISA LEADER 02153nam0 22003491i 450 001 UON00071037 005 20231205102351.27 010 $a84-7472-030-3 100 $a20020107d1981 |0itac50 ba 101 $aspa 102 $aES 105 $a|||| ||||| 200 1 $aNuevas tablas de conversion de datas islamicas a cristianas y viceversa estructuradas para concordar, dia por dia, anos completos$fpor Manuel Ocana Jimenez 205 $aMadrid : Instituto Hispano Arabe de Cultura$b1981 210 $a127 p. + tav. di riduzione delle date mensili$a24 cm 215 $aIn testa al front.$cInstituto Hispano Arabe de Cultura$dMinisterio de Cultura 316 $atablas de red. de fechas mens. musulmanas a cristianas$5IT-UONSI VO AfrI/034/2 316 $atablas de reduc. de fechas mens. cristianas a musulmanas$5IT-UONSI VO AfrI/034/3 606 $aCALENDARIO MUSULMANO$xConcordanze con il calendario cristiano$3UONC018964$2FI 606 $aIslam$xDatazione$3UONC018963$2FI 620 $aES$dMadrid$3UONL000218 676 $a529.327$cCALENDARI DELL'ISLAM$v21 700 1$aOCANA JIMENEZ$bManuel$3UONV034085$0652153 712 $aInstituto Hispano Arabe de Cultura$3UONV247619$4650 790 0$aJIMENEZ OCANA MANUEL$zOCANA JIMENEZ, Manuel$3UONV034088 801 $aIT$bSOL$c20251212$gRICA 912 $aUON00071037 950 $aSIBA - SISTEMA BIBLIOTECARIO DI ATENEO E ARCHIVIO STORICO$dSI I 034/1 $eSI AA 12773 5 034/1 950 $aSIBA - SISTEMA BIBLIOTECARIO DI ATENEO E ARCHIVIO STORICO$dSI I 034/2 $eSI AA 12774 5 034/2 tablas de red. de fechas mens. musulmanas a cristianas 950 $aSIBA - SISTEMA BIBLIOTECARIO DI ATENEO E ARCHIVIO STORICO$dSI I 034/3 $eSI AA 12775 5 034/3 tablas de reduc. de fechas mens. cristianas a musulmanas 996 $aNuevas tablas de conversion de datas islamicas a cristianas y viceversa estructuradas para concordar, dia por dia, anos completos$91160315 997 $aUNIOR